=LDR 00000nam 2200000 4500 =001 INLIS000000000036936 =005 20251107113809 =035 ##$$a 0010-061300000036936 =008 251107###########################0#ind## =041 ##$$a Ind =082 ##$$a 372.2 =090 ##$$a 372.2, Kun Kun a =100 ##$$a Kuncoro, Estu =245 1#$$a Asah otak 3 untuk anak usia 4-7 tahun, /$c Estu Koncoro ; penyunting, Elisa Dwi Ratna =260 ##$$a Jakarta :$b Gramedia Widiarsara Indonesia,$c 2009 =300 ##$$a vi, 74 hlm, : $b ilus ; $c 29 cm =650 #4$$a Pendidikan dasar =700 #$$a Ratna, Elisa Dwi =850 ##$$a NBPNMAT =020 ##$$a 978-979-0257-659 =084 ##$$a 372.2 KUN a =990 ##$$a 21101962 =990 ##$$a 21101962